ბათუმის შოთა რუსთაველის სახელმწიფო უნივერსიტეტის ბიბლიოთეკა

გამოყენებითი მათემატიკის საწყისები : (ბიბ.ჩანაწერი № 50815)

000 -ლიდერი
ფიქსირებული სიგრძის საკონტროლო ველი 01222nam a2200253Ia 4500
001 - საკონტროლო ნომერი
საკონტროლო ველი 17768
003 - საკონტროლო ნომრის იდენტიფიკატორი
საკონტროლო ველი GE_BSU
005 - ბოლო ოპერაციის თარიღი და დრო
საკონტროლო ველი 20200221170102.0
008 - ფიქსირებული სიგრძის მონაცემთა ელემენტები - ზოგადი ინფორმაცია
ფიქსირებული სიგრძის საკონტროლო ველი 181216s2000 xx |||||||||||||| ||geo||
020 ## - წიგნის საერთაშორისო სტანდარტული ნომერი
International Standard Book Number 99928-838-7-1
040 ## - კატალოგიზაციის წყარო
Transcribing agency GE_BSU
041 ## - ენის კოდი
Language code of text/sound track or separate title geo
080 ## - უნივერსალური ათობითი კლასიფიკაციის ინდექსი
Universal Decimal Classification number 51-7(075.8) მ-53
100 ## - მთავარი ჩანაწერი - პიროვნების სახელი
Personal name მელაძე, ჰამლეტ.
9 (RLIN) 4162
245 ## - ცნობა სათაურის შესახებ
Title გამოყენებითი მათემატიკის საწყისები :
Remainder of title სახელმძღვ. უნ-ტის სტუდ.- თვის /
Statement of responsibility, etc ჰამლეტ მელაძე ; ნუგზარ სხირტლაძე ; რედ. ნ. მჭედლიშვილი.
264 ## - წარმოების, გამოცემის, დისტრიბუციის და სხვა ცნობები
გამოცემის, წარმოების, დისტრიბუციის... ადგილი თბილისი :
გამოცემის, წარმოების, დისტრიბუციის... სახელწოდება უნ-ტის გამ-ბა,
გამოცემის, წარმოების, დისტრიბუციის... თარიღი 2000.
300 ## - ფიზიკური აღწერა
Extent 263 გვ.:
Dimensions 25 სმ.
504 ## - BIBLIOGRAPHY, ETC. NOTE
Bibliography, etc ბიბლიოგრ.: გვ. 259-261.
653 ## - INDEX TERM--UNCONTROLLED
Uncontrolled term გამოყენებითი მათემატიკის საწყისები
653 ## - INDEX TERM--UNCONTROLLED
Uncontrolled term მათემატიკა
700 ## - ADDED ENTRY--PERSONAL NAME
Personal name სხირტლაძე, ნუგზარ
9 (RLIN) 6806
700 ## - ADDED ENTRY--PERSONAL NAME
Personal name მჭედლიშვილი, ნ
Relator term რედაქტორი
9 (RLIN) 7340
942 ## - ADDED ENTRY ELEMENTS (KOHA)
Koha item type წიგნი
Source of classification or shelving scheme
ეგზემპლარები
ჩამოწერის სტატუსი დაკარგული ეგზემპლარის სტატუსი კლასიფიკაციის წყარო ან თაროზე გაწყობის სქემა დაზიანების სტატუსი არ გაიცემა მუდმივი მდებარეობა (დაცვის ადგილი) ამჟამინდელი ადგილსამყოფელი თაროზე განთავსების ადგილი შეძენის თარიღი სრული შენახვის შიფრი შტრიხკოდი ბოლო ოპერაციის თარიღი ეგზემპლარის მიმდევრობითი ნომერი (კეტერი?) ფასის ძალაში შესვლის თარიღი ეგზემპლარის სახეობა ღირებულება, შესყიდვის ნორმალური ფასი საჯარო შენიშვნა
          ბათუმის შოთა რუსთაველის სახელმწიფო უნივერსიტეტის მთავარი ბიბლიოთეკა ბათუმის შოთა რუსთაველის სახელმწიფო უნივერსიტეტის მთავარი ბიბლიოთეკა წიგნსაცავი 2018-12-17 51-7(075.8) მ-53 45649 2018-12-17 45649 2018-12-17 წიგნი    
          ბათუმის შოთა რუსთაველის სახელმწიფო უნივერსიტეტის მთავარი ბიბლიოთეკა ბათუმის შოთა რუსთაველის სახელმწიფო უნივერსიტეტის მთავარი ბიბლიოთეკა   2018-12-17 51-7(075.8) მ-53 00496 2018-12-17 00496 2018-12-17 წიგნი 8.00 ქსეროქსი